Statistics for Aston Villa Current Squad

Click here to take the quiz!

General Stats

  • This quiz has been taken 7 times
  • The average score is 22 of 60

Answer Stats

#PositionNationPlayer Name% Correct
6MFBrazilDouglas Luiz
100%
1GKArgentinaEmiliano Martínez
100%
4DFEnglandEzri Konsa
100%
2DFPolandMatty Cash
100%
19MFFranceMoussa Diaby
100%
11FWEnglandOllie Watkins
100%
5DFEnglandTyrone Mings
100%
8MFBelgiumYouri Tielemans
100%
3DFBrazilDiego Carlos
86%
7MFScotlandJohn McGinn
86%
15DFSpainÀlex Moreno
71%
9MFBurkina FasoBertrand Traoré
71%
31MFJamaicaLeon Bailey
71%
12DFFranceLucas Digne
71%
14DFSpainPau Torres
71%
44MFFranceBoubacar Kamara
57%
17DFFranceClément Lenglet
57%
10MFArgentinaEmiliano Buendía
57%
24FWColombiaJhon Durán
57%
22MFItalyNicolò Zaniolo
57%
25GKSwedenRobin Olsen
57%
-CoachSpainUnai Emery
57%
16DFEnglandCalum Chambers
43%
41MFEnglandJacob Ramsey
43%
-DFEnglandKaine Kesler Hayden
43%
30DFEnglandKortney Hause
29%
32MFBelgiumLeander Dendoncker
29%
-MFBrazilPhilippe Coutinho
29%
60DFIrelandAaron O'Reilly
14%
42GKEnglandFilip Marschall
14%
-MFIrelandFinn Azaz
14%
59DFEnglandJosh Feeney
14%
72MFEnglandKadan Young
14%
-DFScotlandKerr Smith
14%
-FWEnglandKobei Moore
14%
-MFNetherlandsLamare Bogarde
14%
-FWEnglandLouie Barry
14%
-MFEnglandMikell Barnes
14%
-MFFranceMorgan Sanson
14%
48GKPolandOlivier Zych
14%
71MFEnglandOmari Kellyman
14%
56DFEnglandSebastian Revan
14%
-DFNetherlandsSil Swinkels
14%
47MFEnglandTim Iroegbunam
14%
58MFEnglandTommi O'Reilly
14%
38GKFinlandViljami Sinisalo
14%
57MFBermudaAjani Burchall
0%
45DFEnglandBen Chrisene
0%
-FWEnglandCaleb Chukwuemeka
0%
-FWEnglandCharlie Lutz
0%
62MFEnglandChisom Afoka
0%
51MFEnglandEdward Rowe
0%
69DFEnglandFinley Munroe
0%
61DFEnglandFrankie Ealing
0%
64GKEnglandJames Wright
0%
70MFEnglandKyrie Pierre
0%
-MFEnglandRico Richards
0%
53MFEnglandTaylor Jay-Hart
0%
-MFEnglandTodd Alcock
0%
66FWEnglandTravis Patterson
0%

Score Distribution

Percentile by Number Answered

Percent of People with Each Score

Your Score History

You have not taken this quiz